Empresa multinacionales (Registro nro. 4722)

Detalles MARC
000 -LEADER
fixed length control field 01198 a2200253 4500
001 - CONTROL NUMBER
control field 48785
005 - DATE AND TIME OF LATEST TRANSACTION
control field 20260407155754.0
008 - FIXED-LENGTH DATA ELEMENTS--GENERAL INFORMATION
fixed length control field 260407a1973 arg spa d
003 - CONTROL NUMBER IDENTIFIER
control field AR-UNSa-BCEJYS
040 ## - CATALOGING SOURCE
Original cataloging agency AR-UNSa-BCEJYS
Language of cataloging spa
Transcribing agency AR-UNSa-BCEJYS
080 ## - UNIVERSAL DECIMAL CLASSIFICATION NUMBER
Universal Decimal Classification number 334.726
Common auxiliary subdivision Empresas multinacionales
100 1# - MAIN ENTRY--PERSONAL NAME
Personal name Sampay, Arturo Enrique
245 10 - TITLE STATEMENT
Title Empresa multinacionales
264 #1 - PRODUCTION, PUBLICATION, DISTRIBUTION, MANUFACTURE, AND COPYRIGHT NOTICE
Place of production, publication, distribution, manufacture Buenos Aires :
Name of producer, publisher, distributor, manufacturer Cuenca Ediciones
Date of production, publication, distribution, manufacture, or copyright notice 1973
300 ## - PHYSICAL DESCRIPTION
Extent 262 p.
Dimensions 20 cm.
505 ## - FORMATTED CONTENTS NOTE
Formatted contents note 1. Introducción al estudio de las empresas multinacionales / Arturo Enrique Sampay - 2. Monopolios, empresas multinacionales y la extranjerización de la sociedad y del Estado en Argentina / Carlos M. Vilas - 3. El Derecho Internacional contemporáneo y las empresas multinacionales / Carlos Cohen - 4. Tecnología, patentes y empresa multinacionales / Héctor Masnatta - 5. Monopolios y política criminal / Enrique Bacigalupo - 6. Las empresas multinacionales ante el Derecho Público -
590 ## - LOCAL NOTE (RLIN)
Local note niveau_biblio:m niveau_hierar:0
700 1# - ADDED ENTRY--PERSONAL NAME
Personal name Vilas, Carlos María
700 1# - ADDED ENTRY--PERSONAL NAME
Personal name Cohen, Carlos
700 1# - ADDED ENTRY--PERSONAL NAME
Personal name Masnatta, Héctor
700 1# - ADDED ENTRY--PERSONAL NAME
Personal name Bacigalupo, Enrique
700 1# - ADDED ENTRY--PERSONAL NAME
Personal name Lozada, Salvador María
942 ## - ADDED ENTRY ELEMENTS (KOHA)
Koha item type
Existencias
Withdrawn status Lost status Damaged status Not for loan Home library Current library Shelving location Date acquired Total checkouts Full call number Barcode Date last seen Price effective from Koha item type
        Biblioteca Prof. Eusebio Cleto del Rey Biblioteca Prof. Eusebio Cleto del Rey   07/04/2026   334.726 S192 L25825 07/04/2026 07/04/2026 Libro
        Biblioteca Prof. Eusebio Cleto del Rey Biblioteca Prof. Eusebio Cleto del Rey   07/04/2026   334.726 S192 L25826 07/04/2026 07/04/2026 Libro